[Event "Titled Tuesday intern op 06th Feb Late"]
[Site "Chess.com INT"]
[Date "2024.02.06"]
[Round "8"]
[White "Dahlgren, James Allen"]
[Black "Davalos Prieto, Abel"]
[Result "1-0"]
[WhiteElo "1770"]
[BlackElo "1985"]
[PlyCount "53"]
[EventDate "2024.02.06"]
[EventType "swiss (blitz)"]
[EventRounds "11"]
[EventCountry "USA"]
[SourceTitle "CB07_2024"]
[SourceDate "2024.02.14"]
[SourceVersion "1"]
[SourceVersionDate "2024.02.14"]
[SourceQuality "1"]

1. d3 g6 2. f4 Bg7 3. Nf3 d5 4. Nc3 c5 5. e4 dxe4 6. dxe4 Qxd1+ 7. Kxd1 e6 8. Bd2 Ne7 9. Bd3 0-0 10. Ke2 Nbc6 11. a4 Nb4 12. h4 Nxd3 13. cxd3 h5 14. e5 Bd7 15. Ne4 b6 16. b4 cxb4 17. Bxb4 Rfe8 18. Bxe7 Rxe7 19. Rhc1 Rc8 20. Rxc8+ Bxc8 21. a5 Rc7 22. axb6 axb6 23. Ra8 Bf8 24. Nf6+ Kh8 25. Ng5 Bg7 26. Rxc8+ Rxc8 27. Nxf7# 1-0

[Event "MEX-ch"]
[Site "Mexico City"]
[Date "2023.11.11"]
[Round "8"]
[White "Morales Garcia, Sergio Joshafatt"]
[Black "Davalos Prieto, Abel"]
[Result "1-0"]
[WhiteElo "2204"]
[BlackElo "2008"]
[PlyCount "109"]
[EventDate "2023.11.07"]
[EventType "swiss"]
[EventRounds "9"]
[EventCountry "MEX"]
[SourceTitle "CB46_2023"]
[SourceDate "2023.11.15"]
[SourceVersion "1"]
[SourceVersionDate "2023.11.15"]
[SourceQuality "1"]

1. d4 d5 2. c4 e6 3. Nf3 Nf6 4. Nc3 h6 5. a3 c6 6. e3 Nbd7 7. Bd3 Be7 8. 0-0 0-0 9. Qe2 b6 10. e4 dxe4 11. Nxe4 Bb7 12. b4 c5 13. dxc5 bxc5 14. b5 Qc7 15. Bb2 Qf4 16. Rfe1 Nxe4 17. Bxe4 Bxe4 18. Qxe4 Qxe4 19. Rxe4 Bf6 20. Bxf6 gxf6 21. a4 a5 22. Nd2 f5 23. Ree1 Nb6 24. Rec1 Rfd8 25. Nb3 Rd3 26. Nxc5 Rd4 27. Nb3 Rxc4 28. Rxc4 Nxc4 29. Kf1 Kf8 30. Ke2 Rd8 31. h3 Kg7 32. Rc1 Nb6 33. Nxa5 Nxa4 34. Rc4 Nb6 35. Rb4 Rd5 36. Nb3 Kf6 37. Nd2 Ke5 38. Nb1 Rd4 39. Rb3 Kd5 40. Nd2 Kc5 41. Rg3 Kxb5 42. Rg7 f6 43. Rh7 Rh4 44. Nf3 Re4+ 45. Kf1 Kc5 46. Rxh6 Nd5 47. h4 Ra4 48. g3 Ra8 49. h5 Kd6 50. Rh7 e5 51. Nh4 Ne7 52. h6 Ng8 53. Nxf5+ Ke6 54. g4 Ra4 55. Rg7 1-0

[Event "MEX-ch"]
[Site "Mexico City"]
[Date "2023.11.10"]
[Round "5"]
[White "Davalos Prieto, Abel"]
[Black "Contreras Garza, Luis Eduardo"]
[Result "1/2-1/2"]
[WhiteElo "2008"]
[BlackElo "1701"]
[PlyCount "101"]
[EventDate "2023.11.07"]
[EventType "swiss"]
[EventRounds "9"]
[EventCountry "MEX"]
[SourceTitle "CB46_2023"]
[SourceDate "2023.11.15"]
[SourceVersion "1"]
[SourceVersionDate "2023.11.15"]
[SourceQuality "1"]

1. d4 d5 2. Bf4 c5 3. e3 Nc6 4. Nf3 cxd4 5. exd4 Nf6 6. c3 e6 7. Nbd2 Be7 8. Bd3 Nh5 9. Be3 Nf6 10. 0-0 h6 11. Re1 Bd6 12. Nf1 0-0 13. Ng3 Re8 14. Qc1 e5 15. dxe5 Nxe5 16. Nxe5 Rxe5 17. Bd4 Rxe1+ 18. Qxe1 Be6 19. h3 b6 20. b4 Rc8 21. Qe3 Bf8 22. a4 Bd7 23. a5 Rc6 24. axb6 axb6 25. Nf5 Bxf5 26. Bxf5 g6 27. Bd3 Re6 28. Qf4 Bg7 29. Ra7 Qd6 30. Qxd6 Rxd6 31. Bb5 Re6 32. Rb7 Ne4 33. Rxb6 Rxb6 34. Bxb6 Bxc3 35. Ba5 Nd6 36. Bd3 Nb7 37. Kf1 Nxa5 38. bxa5 Bxa5 39. Bb5 d4 40. Ke2 Kg7 41. Kd3 f5 42. Kxd4 Bb6+ 43. Ke5 Bxf2 44. Kf4 Kf6 45. g4 fxg4 46. hxg4 Ba7 47. Be8 Bb8+ 48. Kf3 Kg5 49. Bf7 h5 50. gxh5 gxh5 51. Bxh5 1/2-1/2

[Event "Titled Tuesday intern op 14th Feb Late"]
[Site "Chess.com INT"]
[Date "2023.02.14"]
[Round "2"]
[White "Davalos Prieto, Abel"]
[Black "Papayan, Oleg"]
[Result "0-1"]
[WhiteElo "2029"]
[BlackElo "2253"]
[PlyCount "104"]
[EventDate "2023.02.14"]
[EventType "swiss (blitz)"]
[EventRounds "11"]
[EventCountry "USA"]
[SourceTitle "CBM 212 Extra"]
[Source "ChessBase"]
[SourceDate "2023.03.31"]
[SourceVersion "1"]
[SourceVersionDate "2023.03.31"]
[SourceQuality "1"]

1. d4 Nf6 2. Bf4 d5 3. Nf3 c5 4. e3 Nc6 5. Nbd2 Bf5 6. Bb5 Qb6 7. a4 a6 8. dxc5 Qxc5 9. Nb3 Qb6 10. Bd3 Bxd3 11. cxd3 Qb4+ 12. Nfd2 e5 13. Bg3 h5 14. h4 Bd6 15. 0-0 0-0 16. Nf3 Rac8 17. d4 e4 18. Bxd6 Qxd6 19. Nfd2 Ng4 20. g3 Nb4 21. Nc5 a5 22. Ncxe4 dxe4 23. Nxe4 Qc6 24. Qf3 Rfe8 25. Ng5 Qxf3 26. Nxf3 Rc7 27. Rac1 Rec8 28. Rxc7 Rxc7 29. Rd1 Rc2 30. d5 Rc5 31. e4 f5 32. d6 fxe4 33. d7 Nc6 34. d8Q+ Nxd8 35. Rxd8+ Kf7 36. Ng5+ Ke7 37. Rg8 Rc2 38. Rxg7+ Kf6 39. Nxe4+ Kxg7 40. Kg2 Rxb2 41. Kf3 Rb4 42. Nd6 b6 43. Nf5+ Kf6 44. Ne3 Nxe3 45. Kxe3 Rxa4 46. f3 Rb4 47. Kd3 a4 48. Kc2 Rb3 49. g4 Rxf3 50. gxh5 Rh3 51. h6 Rxh4 52. h7 Rxh7 0-1

[Event "Titled Tuesday intern op 14th Feb Early"]
[Site "Chess.com INT"]
[Date "2023.02.14"]
[Round "1"]
[White "Reprintsev, Alexander"]
[Black "Davalos Prieto, Abel"]
[Result "0-1"]
[WhiteElo "2292"]
[BlackElo "2029"]
[PlyCount "62"]
[EventDate "2023.02.14"]
[EventType "swiss (blitz)"]
[EventRounds "11"]
[EventCountry "USA"]
[SourceTitle "CBM 212 Extra"]
[Source "ChessBase"]
[SourceDate "2023.03.31"]
[SourceVersion "1"]
[SourceVersionDate "2023.03.31"]
[SourceQuality "1"]

1. e4 c5 2. b3 Nc6 3. Bb2 e5 4. f4 d6 5. Qf3 Nf6 6. Bb5 Qc7 7. fxe5 dxe5 8. Bxc6+ bxc6 9. d3 Bd6 10. Nd2 0-0 11. Qg3 Nh5 12. Qf3 Nf6 13. h3 a5 14. a4 c4 15. dxc4 Bb4 16. 0-0-0 Qe7 17. g4 Ba3 18. Nb1 Bxb2+ 19. Kxb2 Rb8 20. g5 Nd7 21. h4 Nc5 22. Nc3 Be6 23. Qe2 Qb7 24. Kc1 Qb4 25. Qe3 Rfd8 26. Rxd8+ Rxd8 27. Nge2 Qa3+ 28. Kb1 Rb8 29. Nb5 cxb5 30. cxb5 Nxa4 31. Nc1 Qb2# 0-1

[Event "Titled Tuesday intern op 14th Feb Late"]
[Site "Chess.com INT"]
[Date "2023.02.14"]
[Round "6"]
[White "Rian, Kapriaga"]
[Black "Davalos Prieto, Abel"]
[Result "1-0"]
[WhiteElo "2089"]
[BlackElo "2029"]
[PlyCount "75"]
[EventDate "2023.02.14"]
[EventType "swiss (blitz)"]
[EventRounds "11"]
[EventCountry "USA"]
[SourceTitle "CBM 212 Extra"]
[Source "ChessBase"]
[SourceDate "2023.03.31"]
[SourceVersion "1"]
[SourceVersionDate "2023.03.31"]
[SourceQuality "1"]

1. d4 Nf6 2. Nf3 e6 3. Bg5 d5 4. Nbd2 Be7 5. e3 0-0 6. Bd3 h6 7. Bh4 c5 8. c3 b6 9. Ne5 Qc7 10. 0-0 Ba6 11. Bxa6 Nxa6 12. Qe2 Nb8 13. f4 Nc6 14. Rf3 Ne4 15. Bxe7 Nxe7 16. Nxe4 dxe4 17. Rff1 cxd4 18. cxd4 Rac8 19. Rf2 Nd5 20. g4 f6 21. Ng6 Rfd8 22. g5 hxg5 23. fxg5 f5 24. Raf1 Qc4 25. Qh5 Nxe3 26. Qh8+ Kf7 27. Ne5+ Ke7 28. Qxg7+ Kd6 29. Nxc4+ Rxc4 30. Re1 Nd5 31. Qe5+ Kd7 32. Rxf5 Re8 33. Rf7+ Re7 34. Rxe7+ Nxe7 35. Qxe4 Rc8 36. Qxe6+ Kc7 37. Qxe7+ Kb8 38. Qd6+ 1-0

[Event "Titled Tuesday intern op 14th Feb Early"]
[Site "Chess.com INT"]
[Date "2023.02.14"]
[Round "7"]
[White "Yurasova, Daria"]
[Black "Davalos Prieto, Abel"]
[Result "1-0"]
[WhiteElo "2032"]
[BlackElo "2029"]
[PlyCount "67"]
[EventDate "2023.02.14"]
[EventType "swiss (blitz)"]
[EventRounds "11"]
[EventCountry "USA"]
[SourceTitle "CBM 212 Extra"]
[Source "ChessBase"]
[SourceDate "2023.03.31"]
[SourceVersion "1"]
[SourceVersionDate "2023.03.31"]
[SourceQuality "1"]

1. d4 Nf6 2. Bg5 Ne4 3. Bf4 c5 4. f3 Qa5+ 5. c3 Nf6 6. d5 d6 7. e4 g6 8. Nd2 Bg7 9. Bd3 0-0 10. Ne2 b5 11. 0-0 Qb6 12. Be3 a6 13. Bf2 Nbd7 14. a4 Bb7 15. Qb3 Nh5 16. axb5 Ne5 17. Nc4 Nxc4 18. Bxc4 axb5 19. Qxb5 Qxb5 20. Bxb5 Rfb8 21. Bc4 Bc8 22. Rxa8 Rxa8 23. Rb1 Rb8 24. b4 cxb4 25. cxb4 Nf6 26. Nd4 Kf8 27. Nc6 Rb7 28. Ba6 Rc7 29. Bxc8 Rxc8 30. b5 Nd7 31. b6 Nb8 32. b7 Re8 33. Nxb8 Rxb8 34. Ba7 1-0

[Event "Carlos Torre Memorial op 32nd"]
[Site "Merida"]
[Date "2022.12.18"]
[Round "5"]
[White "Avila Rodriguez, Joshua Ad"]
[Black "Davalos Prieto, Abel"]
[Result "1-0"]
[WhiteElo "2230"]
[BlackElo "2069"]
[PlyCount "100"]
[EventDate "2022.12.16"]
[EventType "swiss"]
[EventRounds "9"]
[EventCountry "MEX"]
[SourceTitle "CBM 212 Extra"]
[Source "ChessBase"]
[SourceDate "2023.03.31"]
[SourceVersion "1"]
[SourceVersionDate "2023.03.31"]
[SourceQuality "1"]

1. e4 e5 2. Nf3 Nf6 3. Nxe5 d6 4. Nf3 Nxe4 5. d4 d5 6. Bd3 Bd6 7. 0-0 0-0 8. c4 c6 9. Nc3 Nxc3 10. bxc3 dxc4 11. Bxc4 Bf5 12. Bg5 Qa5 13. Nh4 Be6 14. Bxe6 Qxg5 15. Nf3 Qa5 16. Bb3 Qxc3 17. Ng5 Nd7 18. Ne4 Qb4 19. a3 Bxh2+ 20. Kxh2 Qe7 21. Re1 Nb6 22. Qh5 h6 23. Re3 Rad8 24. Qe5 Qxe5+ 25. dxe5 Nd5 26. Rd3 Nf4 27. Rxd8 Rxd8 28. Nd6 Rd7 29. g3 Ne6 30. Bxe6 fxe6 31. a4 Rc7 32. a5 b6 33. a6 Kf8 34. Ra3 b5 35. Rf3+ Kg8 36. Rc3 b4 37. Rc5 Kf8 38. Kg2 b3 39. Rc3 Ke7 40. Rxb3 Kd7 41. f4 c5 42. Kf3 Kc6 43. Ke4 g6 44. Rb8 Rg7 45. Rb7 Rc7 46. g4 h5 47. gxh5 gxh5 48. Kf3 c4 49. Rxc7+ Kxc7 50. Nxc4 Kc6 1-0

[Event "Carlos Torre Memorial op 32nd"]
[Site "Merida"]
[Date "2022.12.17"]
[Round "2"]
[White "Davalos Prieto, Abel"]
[Black "Arribas Robaina, Maritza"]
[Result "0-1"]
[WhiteElo "2069"]
[BlackElo "2232"]
[PlyCount "66"]
[EventDate "2022.12.16"]
[EventType "swiss"]
[EventRounds "9"]
[EventCountry "MEX"]
[SourceTitle "CBM 212 Extra"]
[Source "ChessBase"]
[SourceDate "2023.03.31"]
[SourceVersion "1"]
[SourceVersionDate "2023.03.31"]
[SourceQuality "1"]

1. c4 e5 2. Nc3 Nc6 3. Nf3 d6 4. d4 exd4 5. Nxd4 Bd7 6. e4 Be7 7. Be2 Nxd4 8. Qxd4 Bf6 9. Qd3 Ne7 10. Be3 Nc6 11. 0-0 Ne5 12. Qc2 0-0 13. Nd5 Re8 14. f3 Bc6 15. Rad1 b6 16. b4 a5 17. a3 axb4 18. axb4 Ba4 19. Nxf6+ Qxf6 20. Qd2 Bxd1 21. Rxd1 h6 22. Bd4 Qe6 23. Rc1 c5 24. Bb2 Ra4 25. bxc5 bxc5 26. Qc3 f6 27. Bd1 Rb4 28. Ba3 Rb6 29. Ba4 Ra8 30. Bb5 Nc6 31. Qd3 Nd4 32. Rd1 Nxb5 33. cxb5 Ra5 0-1

[Event "Iberoamerican-ch 8th"]
[Site "Mexico City"]
[Date "2022.02.16"]
[Round "6"]
[White "Perez Gormaz, Matias Ariel"]
[Black "Davalos Prieto, Abel"]
[Result "1-0"]
[WhiteElo "2404"]
[BlackElo "2103"]
[PlyCount "121"]
[EventDate "2022.02.12"]
[EventType "swiss"]
[EventRounds "9"]
[EventCountry "MEX"]
[SourceTitle "CBM 206 Extra"]
[Source "ChessBase"]
[SourceDate "2022.03.31"]
[SourceVersion "1"]
[SourceVersionDate "2022.03.31"]
[SourceQuality "1"]

1. e4 c5 2. Nf3 d6 3. d4 cxd4 4. Qxd4 Nc6 5. Bb5 Bd7 6. Bxc6 Bxc6 7. Nc3 Nf6 8. Bg5 e6 9. 0-0-0 Be7 10. Rhe1 0-0 11. Qd2 Qa5 12. Kb1 Rfd8 13. Nd4 Rac8 14. Nd5 Qxd2 15. Nxe7+ Kf8 16. Bxd2 Kxe7 17. f3 Kf8 18. Bb4 Kg8 19. c4 Ne8 20. b3 g6 21. Kb2 e5 22. Nc2 f6 23. Rd2 Kf7 24. Red1 Ke6 25. Ne3 b6 26. g4 Rd7 27. a4 a5 28. Ba3 Rcd8 29. h4 Nc7 30. Rh2 Na6 31. h5 Nc5 32. hxg6 hxg6 33. Rh6 Rg8 34. Ka2 Rdg7 35. Rd2 Ke7 36. Rd1 Ke6 37. Ng2 Ke7 38. Nh4 Bd7 39. Bc1 Be6 40. Be3 g5 41. Ng2 Rg6 42. Rh2 R6g7 43. Kb2 Rd8 44. Rh6 Kf7 45. Kc3 Ke7 46. Bc1 Rc8 47. Ne3 Rd8 48. Nf1 Kf7 49. Ng3 Rg6 50. Rh2 Rg7 51. Be3 Ke7 52. Rh6 Rf8 53. Nh5 Rgg8 54. Rh1 Rf7 55. Ng3 Bd7 56. Rh8 Rxh8 57. Rxh8 Rf8 58. Rh7+ Rf7 59. Rh6 Be6 60. Nh5 Rf8 61. Nxf6 1-0

[Event "Titled Tuesday intern op 09th Mar"]
[Site "Chess.com INT"]
[Date "2021.03.09"]
[Round "3"]
[White "Orozbaev, Eldiar"]
[Black "Davalos Prieto, Abel"]
[Result "1-0"]
[WhiteElo "2008"]
[BlackElo "2135"]
[PlyCount "69"]
[EventDate "2021.03.09"]
[EventType "swiss (blitz)"]
[EventRounds "11"]
[EventCountry "USA"]
[SourceTitle "CBM 201 Extra"]
[Source "ChessBase"]
[SourceDate "2021.05.31"]
[SourceVersion "1"]
[SourceVersionDate "2021.05.31"]
[SourceQuality "1"]

1. e4 Nf6 2. e5 Nd5 3. d4 d6 4. Nf3 dxe5 5. Nxe5 g6 6. Bc4 c6 7. Qf3 Be6 8. Nc3 Nd7 9. Nxd5 Nxe5 10. dxe5 Bxd5 11. Bxd5 Qxd5 12. Qxd5 cxd5 13. Be3 Bg7 14. f4 0-0 15. Bd4 e6 16. c3 Rfc8 17. Kd2 b5 18. h4 h5 19. g4 hxg4 20. Rag1 Bh6 21. Ke3 Kg7 22. Rxg4 Rh8 23. h5 Kf8 24. Kf3 Bg7 25. Rgh4 Rxh5 26. Rxh5 gxh5 27. Rxh5 Kg8 28. Rg5 a5 29. f5 Kh7 30. f6 Bh6 31. Rh5 Rg8 32. Be3 Rg6 33. b3 a4 34. bxa4 bxa4 35. a3 1-0

[Event "Titled Tuesday intern op 23rd Feb"]
[Site "Chess.com INT"]
[Date "2021.02.23"]
[Round "1"]
[White "Balla, Tamas Kristof"]
[Black "Davalos Prieto, Abel"]
[Result "1-0"]
[WhiteElo "2336"]
[BlackElo "2135"]
[PlyCount "101"]
[EventDate "2021.02.23"]
[EventType "swiss (blitz)"]
[EventRounds "11"]
[EventCountry "USA"]
[SourceTitle "CBM 200 Extra"]
[Source "ChessBase"]
[SourceDate "2021.03.31"]
[SourceVersion "1"]
[SourceVersionDate "2021.03.31"]
[SourceQuality "1"]

1. d4 Nf6 2. Bf4 d5 3. e3 c6 4. Bd3 g6 5. h4 h6 6. c4 Bg7 7. Nc3 Be6 8. c5 b6 9. b4 a5 10. a3 axb4 11. axb4 Rxa1 12. Qxa1 bxc5 13. bxc5 0-0 14. Nf3 Nbd7 15. 0-0 Qa8 16. Qb2 Nh5 17. Bh2 Bg4 18. Ra1 Qc8 19. Ra7 Bxf3 20. gxf3 e5 21. Qb7 Qxb7 22. Rxb7 exd4 23. exd4 Nxc5 24. dxc5 Bxc3 25. Rc7 Bf6 26. Rxc6 Bxh4 27. Rd6 Nf6 28. Be5 Kg7 29. Rxd5 Rc8 30. Bd4 Kf8 31. Rd6 Ne8 32. Rb6 Bd8 33. Rb7 Rc7 34. Rb8 Ke7 35. Bb5 Nf6 36. Bxf6+ Kxf6 37. Rxd8 Rxc5 38. Bd3 Kg5 39. Rd4 f5 40. Kg2 Rc6 41. f4+ Kf6 42. Kf3 Rb6 43. Rd5 Rc6 44. Bb5 Rb6 45. Rc5 Rd6 46. Rc6 Rxc6 47. Bxc6 g5 48. fxg5+ hxg5 49. Bd7 Ke5 50. Ke3 Kd6 51. Bxf5 1-0

[Event "Titled Tuesday intern op 23rd Feb"]
[Site "Chess.com INT"]
[Date "2021.02.23"]
[Round "8"]
[White "Buchenau, Frank"]
[Black "Davalos Prieto, Abel"]
[Result "1/2-1/2"]
[WhiteElo "2317"]
[BlackElo "2135"]
[PlyCount "125"]
[EventDate "2021.02.23"]
[EventType "swiss (blitz)"]
[EventRounds "11"]
[EventCountry "USA"]
[SourceTitle "CBM 200 Extra"]
[Source "ChessBase"]
[SourceDate "2021.03.31"]
[SourceVersion "1"]
[SourceVersionDate "2021.03.31"]
[SourceQuality "1"]

1. e4 Nf6 2. e5 Nd5 3. d4 d6 4. Nf3 dxe5 5. Nxe5 g6 6. Bc4 c6 7. 0-0 Bg7 8. Re1 0-0 9. c3 Be6 10. Nd2 Nd7 11. Nef3 b5 12. Bf1 a6 13. Ng5 Bf5 14. g4 e5 15. Nb3 Nf4 16. h4 Be6 17. Nxe6 Nxe6 18. g5 exd4 19. Nxd4 Nxd4 20. cxd4 Nb6 21. Be3 Re8 22. Bg2 Nd5 23. Rc1 Rc8 24. Qg4 Qd6 25. h5 Re6 26. h6 Bf8 27. Bd2 Rce8 28. Rxe6 Rxe6 29. Re1 Rxe1+ 30. Bxe1 Be7 31. Bd2 Qe6 32. Qxe6 fxe6 33. Bh3 Kf7 34. Kf1 Bd6 35. Ke2 Nf4+ 36. Bxf4 Bxf4 37. Bg2 Bxg5 38. Bxc6 Bxh6 39. b4 Bg7 40. Bb7 Bxd4 41. Bxa6 Bc3 42. a3 Bb2 43. Kd3 Bxa3 44. Kc3 h5 45. Bxb5 Ke7 46. Bc6 Kd6 47. Be4 g5 48. b5 Bc5 49. f3 h4 50. Kd3 Ke5 51. Ke2 Kf4 52. Bc6 e5 53. Kf1 g4 54. fxg4 Kxg4 55. Kg2 Bb6 56. Bd5 Bc5 57. Bc6 Bb6 58. Bd5 Kf4 59. Bc6 e4 60. Kh3 Bd8 61. Bxe4 Kxe4 62. b6 Bxb6 63. Kxh4 1/2-1/2